00601nam a2200157 a 450000100100000000500170001000800410002704000250006810000390009324501100013226000500024230000200029204900090031295201050032199900170042600002906720200930055318.0110413s1985 dr 000 0 spa d aDO-SdBNPbspacBNPHU1 aDíaz Vásquez, Rafael A.95597013aEl Suroeste ha sido, es y será, savia vital de las esencias de la Patria /cRafael A. Díaz Vásquez. aSanto Domingo :bEditora Alfa y Omega,c1985. a24 p. ;c21 cm. aBNPD 0010718PDaPDbPDcCTd2011-04-13iLF1l0o p29067-10r2020-06-25w2020-06-25yLFPDZNo se presta c28559d28559